| 000 | 00394nam a22001697a 4500 | ||
|---|---|---|---|
| 005 | 20160628142445.0 | ||
| 008 | 160628b xxu||||| |||| 00| 0 eng d | ||
| 020 | _a978-81-906919-4-9 | ||
| 041 | _aeng | ||
| 082 | _b11266 | ||
| 100 |
_aGupta, J.B. _91755 |
||
| 245 | _aBasic Electronics | ||
| 260 |
_bKatson Books _c2012 |
||
| 300 | _a519 | ||
| 650 |
_aDiploma Engineering _9817 |
||
| 942 | _cBK | ||
| 999 |
_c4445 _d4444 |
||